<?xml version="1.0" encoding="UTF-8"?>
<record
    xmlns:xsi="http://www.w3.org/2001/XMLSchema-instance"
    xsi:schemaLocation="http://www.loc.gov/MARC21/slim http://www.loc.gov/standards/marcxml/schema/MARC21slim.xsd"
    xmlns="http://www.loc.gov/MARC21/slim">

  <leader>004480000a22001570004500</leader>
  <datafield tag="090" ind1=" " ind2=" ">
    <subfield code="a">AR</subfield>
    <subfield code="b">02925</subfield>
  </datafield>
  <datafield tag="100" ind1="1" ind2=" ">
    <subfield code="a">Soul&#xE9;, Michael E.</subfield>
    <subfield code="9">12392</subfield>
  </datafield>
  <datafield tag="245" ind1="1" ind2="0">
    <subfield code="a">Conservation: tactics for a constant crisis</subfield>
  </datafield>
  <datafield tag="041" ind1="0" ind2=" ">
    <subfield code="a">Ingl&#xE9;s</subfield>
  </datafield>
  <datafield tag="650" ind1="1" ind2="4">
    <subfield code="a">Restauraci&#xF3;n ecol&#xF3;gica</subfield>
    <subfield code="9">92279</subfield>
  </datafield>
  <datafield tag="650" ind1="1" ind2="4">
    <subfield code="a">Reservas extractivas</subfield>
    <subfield code="9">19751</subfield>
  </datafield>
  <datafield tag="650" ind1="1" ind2="4">
    <subfield code="a">Agroecosistemas</subfield>
    <subfield code="9">93144</subfield>
  </datafield>
  <datafield tag="650" ind1="1" ind2="4">
    <subfield code="a">Uso sostenible</subfield>
    <subfield code="9">344</subfield>
  </datafield>
  <datafield tag="942" ind1=" " ind2=" ">
    <subfield code="c">ARTICULO</subfield>
  </datafield>
  <datafield tag="773" ind1="1" ind2=" ">
    <subfield code="t">Science</subfield>
    <subfield code="3">685</subfield>
    <subfield code="q">744-758</subfield>
    <subfield code="d">1991</subfield>
    <subfield code="g">253</subfield>
  </datafield>
  <datafield tag="999" ind1=" " ind2=" ">
    <subfield code="c">11985</subfield>
    <subfield code="d">11985</subfield>
  </datafield>
  <datafield tag="952" ind1=" " ind2=" ">
    <subfield code="0">0</subfield>
    <subfield code="1">0</subfield>
    <subfield code="4">0</subfield>
    <subfield code="7">1</subfield>
    <subfield code="8">HEMEROTECA</subfield>
    <subfield code="a">Bogota</subfield>
    <subfield code="b">Bogota</subfield>
    <subfield code="d">2010-04-20</subfield>
    <subfield code="e">Matallana, Clara</subfield>
    <subfield code="h">Fuera de circulaci&#xF3;n</subfield>
    <subfield code="l">0</subfield>
    <subfield code="o">AR 02925</subfield>
    <subfield code="p">013334</subfield>
    <subfield code="r">2015-03-25 00:00:00</subfield>
    <subfield code="t">1</subfield>
    <subfield code="w">2015-03-25</subfield>
    <subfield code="x">Donaci&#xF3;n</subfield>
    <subfield code="y">ARTICULO</subfield>
  </datafield>
  <datafield tag="952" ind1=" " ind2=" ">
    <subfield code="0">0</subfield>
    <subfield code="1">0</subfield>
    <subfield code="4">0</subfield>
    <subfield code="7">1</subfield>
    <subfield code="8">HEMEROTECA</subfield>
    <subfield code="a">Bogota</subfield>
    <subfield code="b">Bogota</subfield>
    <subfield code="d">2015-02-27</subfield>
    <subfield code="e">Escobar Sarria, Federico</subfield>
    <subfield code="h">Fuera de circulaci&#xF3;n</subfield>
    <subfield code="l">0</subfield>
    <subfield code="o">AR 02925</subfield>
    <subfield code="p">028034</subfield>
    <subfield code="r">2015-03-25 00:00:00</subfield>
    <subfield code="t">2</subfield>
    <subfield code="w">2015-03-25</subfield>
    <subfield code="x">Donaci&#xF3;n</subfield>
    <subfield code="y">ARTICULO</subfield>
  </datafield>
</record>
